Das Staatsrecht der Bundesrepublik Deutschland

Guardat en:
Dades bibliogràfiques
Autor principal: Stern, Klaus (Autor)
Format: Llibre
Idioma:alemany
Publicat: Múnich Beck`s 1984
Edició:1a. ed
Matèries:
Etiquetes: Afegir etiqueta
Sense etiquetes, Sigues el primer a etiquetar aquest registre!

MARC

LEADER 00000cam a2200000 a 4500
001 UCD9693
003 CL-VaPUC
008 170630e19840000gw |||||||||||||||||ger|d
020 |a 3406093728 
082 0 4 |a 342.0664  |b STE  |2 21 
100 0 |a Stern, Klaus  |e author  |9 593333 
245 1 4 |a Das Staatsrecht der Bundesrepublik Deutschland 
250 |a 1a. ed 
300 |a v 
942 |c BK 
945 |d 20170630 21:31:00  |a arojas 
260 |a Múnich  |b Beck`s  |c 1984 
500 |a v.1: Grundbegriffe und grundlagen des staatsrechts, strukturprinzipien -2auflage- 
500 |a v.2: Staatsorgane, staatsfunktionen, finanz-und haushaltsverfassung, notstandsverfassung 
500 |a v.3: Allgemeine lehren der grundrechte 
500 |a v.4: Die einzelnen grundrechte 
500 |a v.5: Die geschichtlichen grundlagen des Deutschen staatsrechts 
650 7 |a DERECHO CONSTITUCIONAL ALEMAN  |2 CL-VaPUC  |9 478299 
650 0 |a Jurisprudencia  |9 255952 
651 7 |a REPUBLICA FEDERAL ALEMANA  |2 CL-VaPUC  |9 340652 
583 |a last modification  |c 20170630 21:31:00  |k Rodrigo Vera 
999 |c 368742  |d 368740 
952 |0 0  |1 0  |3 erd  |4 0  |6 342_066400000000000_STE_1984  |7 0  |8 A  |9 484167  |a BIBDER  |b BIBDER  |h v.1  |i 5402662  |l 1  |m 4  |o 342.0664 STE 1984  |p 5402662  |q 2025-12-31  |r 2020-03-16  |s 2020-03-16  |w 2019-11-24  |y BK  |z Catalogado en:20170630  |k DER 
952 |0 0  |1 0  |3 erd  |4 0  |6 342_066400000000000_STE_1984  |7 0  |8 A  |9 484168  |a BIBDER  |b BIBDER  |h v.2  |i 5402670  |l 1  |m 4  |o 342.0664 STE 1984  |p 5402670  |q 2025-12-31  |r 2020-03-16  |s 2020-03-16  |w 2019-11-24  |y BK  |z Catalogado en:20170630  |k DER 
952 |0 0  |1 0  |3 erd  |4 0  |6 342_066400000000000_STE_1984  |7 0  |8 A  |9 484169  |a BIBDER  |b BIBDER  |h v.3-1  |i 5402689  |l 1  |m 4  |o 342.0664 STE 1984  |p 5402689  |q 2025-12-31  |r 2020-03-16  |s 2020-03-16  |w 2019-11-24  |y BK  |z Catalogado en:20170630  |k DER 
952 |0 0  |1 0  |3 erd  |4 0  |6 342_066400000000000_STE_1984  |7 0  |8 A  |9 484170  |a BIBDER  |b BIBDER  |h v.3-2  |i 5402697  |l 1  |m 4  |o 342.0664 STE 1984  |p 5402697  |q 2025-12-31  |r 2020-03-16  |s 2020-03-16  |w 2019-11-24  |y BK  |z Catalogado en:20170630  |k DER 
952 |0 0  |1 0  |3 erd  |4 0  |6 342_066400000000000_STE_1984  |7 0  |8 A  |9 484171  |a BIBDER  |b BIBDER  |h v.4-1  |i 5402700  |l 1  |m 4  |o 342.0664 STE 1984  |p 5402700  |q 2025-12-31  |r 2020-03-16  |s 2020-03-16  |w 2019-11-24  |y BK  |z Catalogado en:20170630  |k DER 
952 |0 0  |1 0  |3 erd  |4 0  |6 342_066400000000000_STE_1984  |7 0  |8 A  |9 484172  |a BIBDER  |b BIBDER  |h v.4-2  |i 5402719  |l 1  |m 4  |o 342.0664 STE 1984  |p 5402719  |q 2025-12-31  |r 2020-03-16  |s 2020-03-16  |w 2019-11-24  |y BK  |z Catalogado en:20170630  |k DER 
952 |0 0  |1 0  |3 erd  |4 0  |6 342_066400000000000_STE_1984  |7 0  |8 A  |9 484173  |a BIBDER  |b BIBDER  |h v.5  |i 5402727  |l 1  |m 4  |o 342.0664 STE 1984  |p 5402727  |q 2025-12-31  |r 2020-03-16  |s 2020-03-16  |w 2019-11-24  |y BK  |z Catalogado en:20170630  |k DER